| 000 | 01367nam a2200337 i 4500 | ||
|---|---|---|---|
| 001 | 162309 | ||
| 003 | ES-MaACL | ||
| 005 | 20250725063225.0 | ||
| 008 | 041108s1803 fr af |||| |cfre d | ||
| 080 | _a929(37) | ||
| 080 | _a929(38) | ||
| 100 | 0 |
_aPlutarco _eaut _992678 |
|
| 245 | 1 | 4 |
_aLes vies des hommes illustres. _nTome premier / _cde Plutarque ; traduites en françois, avec des remarques historiques et critiques par M. Dacier |
| 250 | _aNouv. éd. rev. et corr. | ||
| 260 |
_aA Lyon : _bchez Amable Leroy, _c1803. |
||
| 300 |
_aCXX, 432 páginas, [5] hojas de láminas ; _c17 cm. |
||
| 505 | 0 | _aThésée; Romulus; Lycurgue; Numa Pompilius | |
| 597 | _aSign.: a-e12, A-S12. | ||
| 597 | _aAntep. | ||
| 599 | _aFront. calc. alegórico : "Gravé par le Petit Julien de Paris" | ||
| 599 | _aLáminas de grab. xil.: retratos de los biografiados | ||
| 600 | 0 |
_aRómulo, _cRey de Roma _9149930 |
|
| 600 | 0 |
_aLicurgo _972207 |
|
| 600 | 0 |
_aNuma Pompilio, _cRey de Roma _2embne-TB _9149931 |
|
| 650 | 7 |
_aTeseo (Personaje mitológico) _2embne _9223637 |
|
| 700 | 1 |
_aDacier, André, _d1651-1722 _etrl _9126689 |
|
| 852 |
_aES-MaACL _cDEPOZ _dOlim: C-19358-71 _fEx-libris ms. de Juan Antonio Posse, cura de San Andrés _jZ-253-66 _xPasta española _z |
||
| 942 |
_2udc _cMONANT _n0 |
||
| 999 |
_c162309 _d162309 |
||